| 000 | 01425nam a2200301Ia 4500 | ||
|---|---|---|---|
| 003 | OSt | ||
| 005 | 20250710123448.0 | ||
| 008 | 191128s1989 ck br 000 f spa d | ||
| 020 | _a9580408548 | ||
| 040 |
_aCO-JMCR _cCO-JMCR |
||
| 041 | _aspa | ||
| 082 | 0 | 4 |
_aN _bKENc |
| 100 | 1 |
_aKendall, Sarita, _eautora _97531 |
|
| 245 | 1 | 3 |
_aLa campana del arrecife / _cSarita Kendall; traducción de Jorge Cárdenas Nannetti |
| 250 | _aPrimera edición | ||
| 260 |
_aBogotá : _bNorma, _c1989 |
||
| 300 |
_a173 páginas : _bilustraciones a blanco y negro ; _c20 cm. |
||
| 490 | 0 | _aTorre de papel. Amarilla | |
| 505 | 0 | _aViernes: la isla -- Viernes: Cartagena -- Sábado: el arrecife -- Domingo: el cable -- Lunes por la mañana: otra vez en el arrecife -- Lunes por la tarde: el descabezado -- Martes: la biblioteca | |
| 520 | 3 | _aDos niños, un isleño y una norteamericana, descubren un disco de oro en los arrecifes de una isla caribeña ubicada en las costas de Colombia. Juntos intentan sacar el disco del fondo del mar, y encuentran vestigios de un naufragio que los remonta a la época de la colonia. | |
| 521 | _aA partir de los 11 años. | ||
| 650 | 1 | 4 |
_aNovela infantil brasileña _97532 _ySiglo XX |
| 650 | 2 | 4 |
_aLiteratura infantil brasileña _ySiglo XX _942729 |
| 650 | 2 | 4 |
_aMar _vNovela _942730 |
| 650 | 2 | 4 |
_aNaufragios _vNovela _942731 |
| 700 | 1 |
_aCárdenas Nannetti, Jorge, _etraductor _92223 |
|
| 942 |
_2ddc _cBK |
||
| 999 |
_c3357 _d3357 |
||